000 01587nam0a2200421 4500
001 RU\NLR\bibl\1652432
005 20260405173904.0
010 _a978-5-9704-1608-2
_91000
021 _aRU
_b2010-40874
_92740
035 _a1VIL\RUSMED\0000171290
035 _a(NLR Aleph) 001643750
090 _a878287
_c878287
100 _a20100610d2010 |||y0rusy50 ca
101 0 _arus
102 _aRU
105 _aa |||||||||
200 1 _aОсновы клинической диагностики в педиатрии
_eучебное пособие
_fР. Г. Артамонов
210 _aМосква
_cГЭОТАР-Медиа
_d2010
215 _a125 с.
_cил.
_d20
320 _aБиблиогр.: с. 124-125 (28 назв.)
606 1 _aДИАГНОСТИКА
_2rus_mesh
_3R4037
606 1 _aDIAGNOSIS
_2rus_mesh
_3E4037
606 1 _aУЧЕБНОЕ ПОСОБИЕ
_2rus_mesh
_3R53797
606 1 _aINSTRUCTION
_2rus_mesh
_3E53797
606 1 _aДети
_jУчебные издания
_xБолезни
_xКлиническая диагностика
_91837406
_3RU\NLR\auth\66831414
686 _a76.29.47
_2rugasnti
686 _a76.01.33
_2rugasnti
686 _aE01
_v2010
_2MESH
686 _aV02.575
_v2010
_2MESH
686 _aР733-4я7
700 1 _4070
_8rus
_7ca
_aАртамонов
_bР. Г.
_gРудольф Георгиевич
_3RU\NLR\auth\7775200
_958128
801 0 _aRU
_bЦНМБ
_c20100610
_gPSBO
801 1 _aRU
_bЦНМБ
_c20100610
801 2 _aRU
_bЦНМБ
_c20100624
801 2 _aRU
_bNLR
_c20100706
_grcr
942 _cBOOK
980 _aNB